Connecticut Cities and Towns by Clue - Statistics

General Stats
  • This quiz has been taken 97 times
  • The average score is 10 of 14
Answer Stats
Hint Answer % Correct
Capital of the state Hartford
100%
Location of Yale University New Haven
98%
Most populous city Bridgeport
94%
Has largest financial district in NYC metro region (besides NYC) Stamford
84%
Center of the US hat industry in the 19th and early 20 centuries Danbury
75%
Affluent southwesternmost municipality of CT and New England Greenwich
74%
Town that a tick-bourne disease was named after Lyme
74%
Center of US brassware industry in early 20th century Waterbury
72%
Seaport village with an aquarium and setting of pizza parlor movie Mystic
71%
Lake Compounce (oldest US theme park) and ESPN headquarters Bristol
69%
Town known for the Sandy Hook school shooting Newtown
62%
Location of Bradley International Airport Windsor Locks
61%
City with University of Hartford and home of Noah Webster West Hartford
57%
Core city of large micropolitan area in northwest CT Torrington
38%
No matching quizzes found
Score Distribution
Percent of People with Each Score
Percentile by Number Answered
Your Score History
You have not taken this quiz